Manual basico de redacción para abogados / (Registro nro. 25672)
[ vista simple ]
| 000 -LEADER | |
|---|---|
| fixed length control field | 01611nam a2200301 4500 |
| 001 - CONTROL NUMBER | |
| control field | 0000024054 |
| 003 - CONTROL NUMBER IDENTIFIER | |
| control field | CO-CtgCURN |
| 005 - DATE AND TIME OF LATEST TRANSACTION | |
| control field | 20250331191039.0 |
| 007 - PHYSICAL DESCRIPTION FIXED FIELD--GENERAL INFORMATION | |
| fixed length control field | ta |
| 008 - FIXED-LENGTH DATA ELEMENTS--GENERAL INFORMATION | |
| fixed length control field | 160627s2013 000 0 eng d |
| 020 ## - INTERNATIONAL STANDARD BOOK NUMBER | |
| International Standard Book Number | 9789588791203 |
| 040 ## - CATALOGING SOURCE | |
| Original cataloging agency | CO-CtgCURN |
| Language of cataloging | spa |
| Transcribing agency | coctgcurn |
| 082 0# - DEWEY DECIMAL CLASSIFICATION NUMBER | |
| Classification number | 808.066 |
| Item number | G394 |
| 100 1# - MAIN ENTRY--PERSONAL NAME | |
| Personal name | Gettial, Juan Carlos. |
| 245 10 - TITLE STATEMENT | |
| Title | Manual basico de redacción para abogados / |
| Statement of responsibility, etc. | Juan Carlos Gettial. |
| 260 ## - PUBLICATION, DISTRIBUTION, ETC. | |
| Place of publication, distribution, etc. | Bogotá : |
| Name of publisher, distributor, etc. | Universidad Libre, |
| Date of publication, distribution, etc. | 2013. |
| 300 ## - PHYSICAL DESCRIPTION | |
| Extent | 158 p. |
| 336 ## - CONTENT TYPE | |
| Source | rdacontent |
| 337 ## - MEDIA TYPE | |
| Source | rdamedia |
| Media type term | sin mediacion |
| Media type code | n |
| 338 ## - CARRIER TYPE | |
| Source | rdacarrier |
| Carrier type term | volumen |
| Carrier type code | nc |
| 500 ## - GENERAL NOTE | |
| General note | Incluye hojas de respuestas de los talleres. |
| 504 ## - BIBLIOGRAPHY, ETC. NOTE | |
| Bibliography, etc. note | Incluye bibliografia p. (157-158) |
| 505 8# - FORMATTED CONTENTS NOTE | |
| Formatted contents note | Errores mas comunes en la construcción del texto -- El queismo y el dequeismo -- El que galicado -- El gerundio -- Discordancia de los pronombres le y lo -- El empleo de mismo como mero elemento anaforico -- El verbo haber como verbo impersonal -- La ortografia -- El apostrofo -- La dieresis -- La puntuacion -- Usos basicos de la mayuscula y la minuscula -- Los latinismos -- Locuciones latinas mas empleadas en el ambito juridico y en las ciencias humanas -- Gazapos jurídicos mas comunes -- El texto -- El parrafo -- La argumentacion -- Falacias -- El texto juridico -- Análisis de errores de algunos documentos -- jurídicos autenticos -- Modelo de redacción de un poder |
| 650 14 - SUBJECT ADDED ENTRY--TOPICAL TERM | |
| Topical term or geographic name entry element | Redacción de escritos |
| Form subdivision | Manuales. |
| 908 ## - PUT COMMAND PARAMETER (RLIN) | |
| Put command parameter | 160627 |
| 942 ## - ADDED ENTRY ELEMENTS (KOHA) | |
| Koha item type | Libros |
| Classification part | 808.066 |
| Item part | G394 |
| Source of classification or shelving scheme | Dewey Decimal Classification |
| Withdrawn status | Lost status | Source of classification or shelving scheme | Damaged status | Not for loan | Collection | Home library | Current library | Shelving location | Date acquired | Inventory number | Total checkouts | Full call number | Barcode | Date last seen | Copy number | Price effective from | Koha item type | Public note |
|---|---|---|---|---|---|---|---|---|---|---|---|---|---|---|---|---|---|---|
| Dewey Decimal Classification | General | Miguel Henríquez Castañeda | Miguel Henríquez Castañeda | General | 03/31/2025 | 004858 | 808.066 G394 | 004858 | 03/31/2025 | ej.1 | 03/31/2025 | Libros | 800-LIT&RE |